Entry Personal Name
Number of records used in: 1
001 - CONTROL NUMBER
003 - CONTROL NUMBER IDENTIFIER
005 - DATE AND TIME OF LATEST TRANSACTION
- control field:
20231206151857.0
008 - FIXED-LENGTH DATA ELEMENTS
- fixed length control field:
790913n| azannaab |a aaa
010 ## - LIBRARY OF CONGRESS CONTROL NUMBER
- LC control number:
n 79078648
040 ## - CATALOGING SOURCE
- Original cataloging agency:
DLC
- Transcribing agency:
DLC
- Description conventions:
rda
- Modifying agency:
DLC
046 ## - SPECIAL CODED DATES
100 1# - HEADING--PERSONAL NAME
- Personal name:
Canterbery, E. Ray
400 1# - SEE FROM TRACING--PERSONAL NAME
- Personal name:
Canterbery, Estes Ray
670 ## - SOURCE DATA FOUND
- Source citation:
Author's The President's Council of Economic Advisers ... 1961.
670 ## - SOURCE DATA FOUND
- Source citation:
The making of economics, 2003:
- Information found:
CIP v. 1, t.p. (E. Ray Canterbery; Florida State U.)
670 ## - SOURCE DATA FOUND
- Source citation:
U.S. copyright file, Aug. 4, 2008
- Information found:
(Canterbery, E. Ray, 1935- )
670 ## - SOURCE DATA FOUND
- Source citation:
Biog. resource center (Contemp. authors), Aig. 4, 2008
- Information found:
(E(stes) Ray Canterbery; b. May 26, 1935, Corning, Ark.; Washington University, St. Louis, Ph. D., 1966; Florida State University, professor of economics, 1972- )